Fibre reinforced cement and concrete. V 2 (Record no. 27285)

MARC details
000 -LEADER
fixed length control field 00280nam a2200109Ia 4500
082 ## - DEWEY DECIMAL CLASSIFICATION NUMBER
Classification number 691.328
Item number NEV.2
100 ## - MAIN ENTRY--AUTHOR NAME
Personal name A
245 #0 - TITLE STATEMENT
Title Fibre reinforced cement and concrete. V 2
260 ## - PUBLICATION, DISTRIBUTION, ETC. (IMPRINT)
Place of publication Lancaster
Name of publisher Construction
Year of publication 1976
942 ## - ADDED ENTRY ELEMENTS (KOHA)
Koha item type Books
Holdings
Withdrawn status Lost status Damaged status Not for loan Home library Current library Date acquired Cost, normal purchase price Full call number Accession Number Koha item type
        RRII Library RRII Library 16/12/2021 12.50 691.328 NEV.2 07912 Books